01204nam a2200337 a 4500001001000000003000900010005001700019007000300036008003800039020001600077040003100093082002900124100004700153245012200200264003100322300003200353336002700385337003500412338003000447500000600477504000600483504000600489534010300495590002600598650002300624650002600647910003900673942001200712952012500724999001700849000035971DO-SdBPM20250806123527.0ta111121s1994 ag a 001 0 spa d a 9507243453 aDO-SdBPMbspacBPMSU erda 4a793.019bF919j 19942 221 aFritzen, Silvino José, d1920- eautor 10aJuegos diregidos : b176 propuestas para animar reuniones familiares y fiestas infantiles . cSilvino José Fritzen  aArgentina :bLumen, c1994 a 140 páginas ;c25 cm.b  atextobtxt2rdacontent asin mediación bn2rdamedia  avolumen bnc2rdacarrier  a  a  a  pTítulo original :tJuegos dirigidos : para grupos, recreación y clases de educación física aInventariado, 2025/VM 7aJuegos en grupoz  7aJuegos educativos.z  aVMateo V. Control de calidad BPMSU 2ddccBK 00102ddc708CI-GaBPMETbBPMETd2025-08-06l0oBPMSU CGI 793.019 F919j 1994pBPMSU25080007r2025-08-06w2025-08-06yBK c15307d15307